Cien españoles que cuentan
שמור ב:
| פורמט: | ספר |
|---|---|
| שפה: | Undetermined |
| יצא לאור: |
España
Comité Organizador Liber'85
1985
|
| נושאים: | |
| תגים: |
הוספת תג
אין תגיות, היה/י הראשונ/ה לתייג את הרשומה!
|
MARC
| LEADER | 00000nam a2200000Ia 4500 | ||
|---|---|---|---|
| 008 | 170316s9999 xx 000 0 und d | ||
| 999 | |c 28128 |d 28128 | ||
| 040 | |a cru BVZT | ||
| 090 | |a B-862 C-2c | ||
| 245 | |a Cien españoles que cuentan | ||
| 260 | |a España |b Comité Organizador Liber'85 |c 1985 | ||
| 300 | |a 217 páginas | ||
| 650 | |a LITERATURA ESPAÑOLA |9 23 | ||
| 650 | |a BIOGRAFÍA | ||
| 942 | |c 15 D |h B-862 C-2c |2 z | ||
